الكيمياء الميسرة : (رقم التسجيلة. 31839)

تفاصيل مارك
000 -LEADER
fixed length control field 00635nam a22001937a 4500
005 - DATE AND TIME OF LATEST TRANSACTION
control field 20251108165816.0
008 - FIXED-LENGTH DATA ELEMENTS--GENERAL INFORMATION
fixed length control field 250721s1982 xx 000 0 ara d
082 14 - DEWEY DECIMAL CLASSIFICATION NUMBER
Classification number ط/540/بول
100 1# - MAIN ENTRY--PERSONAL NAME
Personal name بول، جون
Relator term مؤلف
245 10 - TITLE STATEMENT
Title الكيمياء الميسرة :
Remainder of title مبادئ و إختبارات /
264 1# - PRODUCTION, PUBLICATION, DISTRIBUTION, MANUFACTURE, AND COPYRIGHT NOTICE
Place of production, publication, distribution, manufacture بيروت :
Name of producer, publisher, distributor, manufacturer مكتبة لبنان،
Date of production, publication, distribution, manufacture, or copyright notice 1982.
300 ## - PHYSICAL DESCRIPTION
Extent 51ص.
490 0# - SERIES STATEMENT
Series statement سلسلة العلوم للناشئيين ؛ 5
650 17 - SUBJECT ADDED ENTRY--TOPICAL TERM
Topical term or geographic name as entry element الكيمياء
653 ## - INDEX TERM--UNCONTROLLED
Uncontrolled term ناشاون كبار (15-18) سنه
700 1# - ADDED ENTRY--PERSONAL NAME
Personal name الخطيب، أحمد شفيق
Relator term ترجمة
942 ## - ADDED ENTRY ELEMENTS (KOHA)
Source of classification or shelving scheme Dewey Decimal Classification
Koha item type كتب
المقتنيات
حالة السحب حالة الفقدان مصدر التصنيف حالة التلف غير قابل للإعارة المكتبة الرئيسية المكتبة الحالية موقع الرف تاريخ التزويد الرقم المتسلسل Total Checkouts رقم الإستدعاء تاريخ آخر ظهور تاريخ الفاتورة نوع المادة (كوها) الباركود
    Dewey Decimal Classification     مكتبة الأميرة سلمى مكتبة الأميرة سلمى الأطفال 28/07/2025 568911   ط/540/بول 28/07/2025 28/07/2025 كتب 568911
    Dewey Decimal Classification Unchecked   مكتبة البراءة للأطفال مكتبة البراءة للأطفال الأطفال 28/07/2025 366750   ط/540/بول 28/07/2025 28/07/2025 كتب  
    Dewey Decimal Classification     مكتبة الراية الهاشمية للأطفال مكتبة الراية الهاشمية للأطفال الأطفال 01/01/2003 0295859   ط/540/بول 28/07/2025 01/01/2003 كتب PLD00349760
    Dewey Decimal Classification     مكتبة الياسمين للأطفال مكتبة الياسمين للأطفال الأطفال 02/04/2014 557290   ط/540/بول 28/07/2025 02/04/2014 كتب PLD00297738
    Dewey Decimal Classification     مكتبة بدر الجديدة للأطفال مكتبة بدر الجديدة للأطفال الأطفال 28/07/2025 400327   ط/540/بول 28/07/2025 28/07/2025 كتب 400327
    Dewey Decimal Classification     مكتبة حمزة العامة مكتبة حمزة العامة الأطفال 13/05/2009 1273224   ط/540/بول 28/07/2025 13/05/2009 كتب PLD00089380
    Dewey Decimal Classification     مكتبة وادي السير العامة مكتبة وادي السير العامة الأطفال 13/05/2009 1273223   ط/540/بول 28/07/2025 13/05/2009 كتب PLD00089387
    Dewey Decimal Classification     مكتبة ومركز فرح مكتبة ومركز فرح الأطفال 11/05/2009 1273227   ط/540/بول 28/07/2025 11/05/2009 كتب PLD00088605
    Dewey Decimal Classification     مكتبةمؤتة مكتبةمؤتة الأطفال 13/05/2009 1273225   ط/540/بول 28/07/2025 13/05/2009 كتب PLD00089379
Implemented & Customized by: BBB with SCIT (Smart Chains for Information Technology)

Powered by Koha